| 000 | 00659cam a22002293a 4500 | ||
|---|---|---|---|
| 001 | 27785 | ||
| 003 | PGUSA | ||
| 005 | 20140828083612.0 | ||
| 008 | 090112s2009||||xxu|||||s|||||000 | eng d | ||
| 040 |
_aPGUSA _beng |
||
| 042 | _adc | ||
| 050 | 4 | _aKD | |
| 100 | 1 |
_aJeaffreson, John Cordy, _d1831-1901 |
|
| 245 | 1 | 2 |
_aA Book About Lawyers _h[electronic resource] / _cJohn Cordy Jeaffreson |
| 260 |
_bProject Gutenberg, _c2009 |
||
| 506 | _aPublic domain in the USA. | ||
| 516 | _aElectronic text | ||
| 653 | _aLawyers -- Great Britain -- Anecdotes | ||
| 830 | 0 |
_aProject Gutenberg _v27785 |
|
| 856 | 4 | 0 | _uhttp://www.gutenberg.org/ebooks/27785 |
| 942 | _cEB | ||
| 999 |
_c257040 _d257040 |
||